000 00673nam a2200229 a 4500
001 BRCA_6552
005 20190320205512.0
008 300911s1964----u--#######---#000-0#eng-#
041 _aeng
044 _au
050 4 _aN5330
_b.S36 1964
100 1 _aScranton, Robert L.
_d1912-1993.
_916345
245 1 0 _aAesthetic Aspects of Ancient Art
_cRobert L. Scranton.
260 _aE. U. A.
_bUniversity of Chicago Press
_cc1964
300 _axvi, 381 p.
_bil., planos
_c25 cm.
500 _aIncluye índice alfabético
500 _aDonación Dra. Elsa Barberena
504 _aBibliografía: p. 368-372
650 1 4 _aArte antiguo
_99308
902 _aDEB
942 _2lcc
_cB
999 _c6236
_d6236